000 00718nam a2200241 a 4500
001 86321
003 BD-RjUL
005 20260406124801.0
008 260406s2022 io ||||| |||| 00| 0 eng d
020 _a9786235745329
035 _a(BD-RjUL)86321
040 _aBD-RjUL
_beng
_cBD-RjUL
041 _aeng
082 _223
_a338.4791
_bPUY 2022
100 _aPurnama, Yudi
_918025
245 _aYou Say Geotourism :
_bI Say Tourism Geology! /
_c by Yudi Purnama
260 _aBengkulu, Indonesia :
_bElmarkazi Publisher,
_c2022
300 _a447 p.:
_bill.;
_c23 cm.
504 _aIncludes bibliographical reference and index.
650 _aTourism industry
_918026
650 _aEcotourism
_910490
942 _2ddc
_cBK
999 _c86321
_d86321